Pedro - Raffaella Carrà - Testo Completo - Statistics

Statistiche generali
  • Questo quiz è stato fatto 227 volte
  • Il punteggio medio è 184 su 250
Statistiche sulle risposte
Risposta % Corretto
Pe'
100%
Pe
100%
Pedro,
99%
Pedro
99%
di
96%
Di
96%
i
96%
me
93%
Fe
92%
Santa
92%
per
91%
il
90%
A
89%
a
89%
meglio
89%
La
87%
la
87%
le
82%
Le
82%
città
79%
Praticamente
79%
un
79%
da
77%
strade
77%
Fidati
76%
Mi
75%
con
74%
Si
74%
si
74%
ragazzino
73%
ragazzino,
73%
tutta
70%
una
70%
Che
69%
che
69%
sola
69%
tanto
69%
Ma
67%
della
66%
certo
65%
e
65%
far
65%
monumenti
65%
punto
65%
perbenino
64%
guida
63%
straniera
62%
vista
62%
prima
61%
classica
60%
Guardando
60%
offre
60%
Passeggio
60%
non
59%
Non
59%
Sembrava
59%
passeggiata
58%
attentamente
57%
stelle
57%
strana
57%
ha
55%
ho
55%
più
55%
veder
52%
Altro
51%
parte
51%
visto
51%
cose
49%
gira
49%
niente
49%
sono
49%
un'aria
49%
Sapeva
48%
lo
46%
molte
46%
te
46%
portato
45%
innamorata
43%
tante
40%
chiama
39%
volte
38%
lui
36%
seduta
36%
stante
36%
io
33%
solo
33%
stanca
33%
vacanze,
32%
faccio
31%
pensare
30%
stregata
28%
Tornerò
27%
m'ha
26%
ragazze
26%
sconvolto
26%
sguardo
26%
bene
24%
Come
24%
mangiavano
23%
Soli
21%
sotto
21%
passione
18%
ballava
17%
concentrava
17%
avventura
16%
Bellissima
14%
Travolta
14%
Nessun quiz corrispondente trovato
Distribuzione punteggi
Percentuale di utenti per punteggio
Percentile per numero di risposta
I tuoi punteggi nel tempo
Non hai fatto questo quiz